All-Star 4 : Workbook
The workbook activities offer students further practice in developing the language, vocabulary, and life-skill competencies taught in the student book.
Enregistré dans:
| Format: | Livre |
|---|---|
| Langue: | Undetermined |
| Publié: |
New York
McGraw-Hill ESL/ELT
2006
|
| Sujets: | |
| Tags: |
Ajouter un tag
Pas de tags, Soyez le premier à ajouter un tag!
|
| Thư viện lưu trữ: | Trung tâm Học liệu Trường Đại học Cần Thơ |
|---|
| LEADER | 00733nam a2200217Ia 4500 | ||
|---|---|---|---|
| 001 | CTU_180181 | ||
| 008 | 210402s9999 xx 000 0 und d | ||
| 020 | |c 12.4 | ||
| 082 | |a 428.24 | ||
| 082 | |b A416/Vol.4 | ||
| 245 | 0 | |a All-Star 4 : | |
| 245 | 0 | |b Workbook | |
| 245 | 0 | |c Linda Lee ... [et al.] | |
| 260 | |a New York | ||
| 260 | |b McGraw-Hill ESL/ELT | ||
| 260 | |c 2006 | ||
| 520 | |a The workbook activities offer students further practice in developing the language, vocabulary, and life-skill competencies taught in the student book. | ||
| 650 | |a English language,Ngôn ngữ Anh | ||
| 650 | |x Study and teaching,Học và học | ||
| 904 | |i Phuong, Giang | ||
| 980 | |a Trung tâm Học liệu Trường Đại học Cần Thơ | ||